00641cam a22002171 450000100060000000300080000600500170001400800410003103500190007203500190009104000330011004100080014308200200015110000280017124500440019926000460024330000320028950400200032161000430034165100390038427426BD-RjUL20211209051143.0140325t1950 ny 001 0 eng d a(BD-RjUL)27500 a(OCoLC)1315813 aDLCcODaUdDLCdBD-RjULbeng aeng00a956.9bPEA 19501 aPearlman, Moshe,d1911-14aThe army of Israel /cby Moshe pearlman aNew York :bPhilosophical Library,c1950. axiv, 256 p. :bill.c24 cm. aincludes index.10aIsrael.bTseva haganah le-Yiśraʾel. 0aPalestinexPolitics and government